000 01003cam a22003254ia4500
001 14294009
003 EG-ScBUE
005 20250529080946.0
008 060309t2007 caua f 001 0 eng d
020 _a0321435648
020 _a9780321435644
035 _a(OCoLC)ocm64688914
040 _aEG-ScBUE
_beng
_erda
_cEG-ScBUE
_dEG-ScBUE
082 0 4 _a530
_222
_bWOL
100 1 _aWolfson, Richard,
_eauthor.
245 1 0 _aEssential university physics /
_cRichard Wolfson, Middlebury College.
250 _aFirst edition.
264 1 _aSan Francisco :
_bPearson Addison-Wesley,
_c[2007]
264 4 _cc2007
300 _a2 volumes :
_billustrations ;
_c28 cm
336 _2rdacontent
_atext
_btxt
337 _aunmediated
_2rdamedia
_bn
338 _avolume
_bnc
_2rdacarrier
500 _aIncludes index.
500 _aIncludes appendix.
505 0 _aVolume 1. chapters 1-19 -- Volume 2. chapters 20-39.
650 7 _aPhysics
_vTextbooks.
_2BUEsh
655 _vReading book
942 _2ddc
_cBB
999 _c11171
_d11171